Turbulence (Record no. 5373)

000 -LEADER
fixed length control field 00511nam a2200205 i 4500
001 - CONTROL NUMBER
control field 5373
003 - CONTROL NUMBER IDENTIFIER
control field BD-DhUET
008 - FIXED-LENGTH DATA ELEMENTS--GENERAL INFORMATION
fixed length control field 750220s1975 nyua b 001 0 eng
020 ## - INTERNATIONAL STANDARD BOOK NUMBER
International Standard Book Number 0070290377
040 ## - CATALOGING SOURCE
Original cataloging agency DLC
Transcribing agency DLC
Modifying agency BD-DhUET
082 00 - DEWEY DECIMAL CLASSIFICATION NUMBER
Classification number 532.56
Item number HIN/1975
100 1# - MAIN ENTRY--PERSONAL NAME
Personal name Hinze, J. O.
245 00 - TITLE STATEMENT
Title Turbulence
250 ## - EDITION STATEMENT
Edition statement 2nd ed.
260 ## - PUBLICATION, DISTRIBUTION, ETC. (IMPRINT)
Place of publication, distribution, etc. New York
Name of publisher, distributor, etc. McGraw-Hill
Date of publication, distribution, etc. 1975
300 ## - PHYSICAL DESCRIPTION
Extent x,790p.
Other physical details ill.
Dimensions 24 cm.
490 0# - SERIES STATEMENT
Series statement McGraw-Hill series in mechanical engineering
650 #0 - SUBJECT ADDED ENTRY--TOPICAL TERM
Topical term or geographic name as entry element Turbulence
942 ## - ADDED ENTRY ELEMENTS (KOHA)
Koha item type General Book
Holdings
Source of classification or shelving scheme Date acquired Copy number Withdrawn status Koha normalized classification for sorting Sublocation or collection (holding branch) Lost status Price effective from Piece designation (barcode) Not for loan Location (home branch) Koha date last seen Shelving location Koha date last borrowed Koha item type Damaged status Koha full call number Koha issues (times borrowed)
 2014-11-261 532_560000000000000_HIN_1975Central Library, BUET 2014-11-2663813 Central Library, BUET2014-11-26Circulation section General Book 532.56/HIN/1975 
 2014-11-262 532_560000000000000_HIN_1975Central Library, BUET 2014-11-2663816 Central Library, BUET2014-11-26Circulation section General Book 532.56/HIN/1975 
 2014-12-073 532_560000000000000_HIN_1975Central Library, BUET 2014-12-0744334 Central Library, BUET2014-12-07Circulation section General Book 532.56/HIN/1975 
 2014-12-074 532_560000000000000_HIN_1975Central Library, BUET 2014-12-0763807 Central Library, BUET2014-12-07Circulation section General Book 532.56/HIN/1975 
 2014-12-075 532_560000000000000_HIN_1975Central Library, BUET 2014-12-0763812 Central Library, BUET2015-03-29Circulation section2015-03-25General Book 532.56/HIN/19751
 2014-12-076 532_560000000000000_HIN_1975Central Library, BUET 2014-12-0763805 Central Library, BUET2014-12-07Circulation section General Book 532.56/HIN/1975 
 2014-12-077 532_560000000000000_HIN_1975Central Library, BUET 2014-12-0763810 Central Library, BUET2014-12-07Circulation section General Book 532.56/HIN/1975 
 2014-12-078 532_560000000000000_HIN_1975Central Library, BUET 2014-12-0763808 Central Library, BUET2014-12-07Circulation section General Book 532.56/HIN/1975 
 2014-12-079 532_560000000000000_HIN_1975Central Library, BUET 2014-12-0763809 Central Library, BUET2014-12-07Circulation section General Book 532.56/HIN/1975 
 2014-12-0710 532_560000000000000_HIN_1975Central Library, BUET 2014-12-0763806 Central Library, BUET2023-02-28Circulation section2022-11-14General Book 532.56/HIN/19751
 2014-12-0711 532_560000000000000_HIN_1975Central Library, BUET 2014-12-0763815 Central Library, BUET2015-09-14Circulation section2015-05-26General Book 532.56/HIN/19751
 2015-03-0912 532_560000000000000_HIN_1975Central Library, BUET 2015-03-0939158 Central Library, BUET2015-03-09Circulation section General Book 532.56/HIN/1975 
 2015-06-0713 532_560000000000000_HIN_1975Central Library, BUET 2015-06-0758968 Central Library, BUET2015-06-07Reading section Reading Item 532.56/HIN/1975 
 2015-06-0714 532_560000000000000_HIN_1975Central Library, BUET 2015-06-0760653 Central Library, BUET2015-06-07Reading section Reading Item 532.56/HIN/1975 
 2015-06-2315 532_560000000000000_HIN_1975Central Library, BUET 2015-06-2352729 Central Library, BUET2015-06-23Reading section Reading Item 532.56/HIN/1975 
 1985-06-2916 532_560000000000000_HIN_1975Central Library, BUET 2024-11-1663811 Central Library, BUET2024-11-27Circulation section2024-11-27General Book 532.56 HIN/19751
 2024-11-16  532_560000000000000_HIN_1975Central Library, BUET 2024-11-16  Central Library, BUET2024-11-16  General Book 532.56 HIN/1975 
 2025-09-0318 532_560000000000000_HIN_1975Central Library, BUET 2024-11-1639159 Central Library, BUET2024-11-16Circulation section General Book 532.56 HIN/1975